[Event "Candidates Tournament"]
[Site "Moscow"]
[Date "2016.03.12"]
[Round "2"]
[White "Svidler, Peter"]
[Black "Topalov, Veselin"]
[Result "1/2-1/2"]
[WhiteElo "2757"]
[BlackElo "2780"]
[Annotator "CB"]
[PlyCount "60"]
[EventDate "2016.03.11"]
[EventType "tourn"]
[EventRounds "14"]
[EventCountry "RUS"]
[EventCategory "22"]
[SourceTitle "CBM 172"]
[Source "ChessBase"]
[SourceDate "2016.05.12"]
[SourceVersion "1"]
[SourceVersionDate "2016.05.12"]
[SourceQuality "1"]

1. e4 e5 2. Nf3 Nc6 3. Bb5 Nf6 4. O-O Nxe4 5. Re1 Nd6 6. Nxe5 Be7 7. Bf1 Nxe5
8. Rxe5 O-O {Diagramm [#] Eine auf allerhöchstem Niveau extrem beliebte
Variante. Die Remisquote ist auch extrem - hoch!} 9. Nc3 {Weiß versucht
zunächst, den Zug d7-d5 für Schwarz zu erschweren. Dessen Durchsetzung
ließe letztlich eine "Französische Abtauschvariante" entstehen - früher die
"Remisvariante" schlechthin.} Ne8 10. Nd5 Bd6 11. Re1 c6 12. Ne3 Be7 13. c4 Nc7
14. d4 d5 {Diagramm [#] Dauerhaft verhindern ließ es sich nicht.} 15. cxd5 Bb4
{Ein neuer Zug Topalovs.} 16. Bd2 (16. dxc6 $2 {funktioniert offensichtlich
nicht:} Bxe1 17. cxb7 Bxf2+ 18. Kxf2 Bxb7) 16... Bxd2 17. Qxd2 Nxd5 18. Nxd5
Qxd5 {Diagramm [#] Weiß verfügt über eine leichte Initiative.} 19. Re5 Qd6
20. Bc4 Bd7 21. Rae1 b5 ({In der e-Linie einen Turm entgegenzustellen wäre
nicht wirklich zielführend, da Weiß ggfs. auf e5 mit dem Bauern schlagen
würde:} 21... Rae8 22. Qe3 Rxe5 23. dxe5 $14) 22. Bb3 a5 {Der schwarze
Angriff am Damenflügel hindert den Weißen daran, über einen Zug wie Te7
auch nur nachdenken zu können.} 23. a4 {Diagramm [#] Jetzt löst sich in
Windeseile alles in Wohlgefallen auf.} bxa4 24. Bxa4 Be6 25. Rxa5 Rxa5 26. Qxa5
Qxd4 27. Bxc6 Qxb2 28. Bd5 Bxd5 29. Qxd5 Qf6 30. g3 g6 1/2-1/2

[Event "Candidates Tournament"]
[Site "Moscow"]
[Date "2016.03.15"]
[Round "4"]
[White "Karjakin, Sergey"]
[Black "Anand, Viswanathan"]
[Result "1-0"]
[WhiteElo "2760"]
[BlackElo "2762"]
[Annotator "Marin,M"]
[PlyCount "85"]
[EventDate "2016.03.11"]
[EventType "tourn"]
[EventRounds "14"]
[EventCountry "RUS"]
[EventCategory "22"]
[SourceTitle "CBM 172"]
[Source "ChessBase"]
[SourceDate "2016.05.12"]
[SourceVersion "1"]
[SourceVersionDate "2016.05.12"]
[SourceQuality "1"]

1. Nf3 d5 2. e3 {An apparently inoffensive but highly inspired opening choice
against a well prepared opponent.} Nf6 3. c4 e6 4. b3 Be7 5. Bb2 O-O 6. Nc3 c5
7. cxd5 Nxd5 {Black wants to avoid any weaknesses in the centre but leaves the
kingside poorly defended.} (7... exd5 {is more thematic and ambitious at the
same time. Here is a recent example.} 8. d4 Nc6 9. Be2 Bg4 ({A simpler way was
} 9... cxd4 10. Nxd4 Bc5 $11) 10. dxc5 Bxc5 11. O-O a6 12. h3 Be6 13. Na4 Bd6
14. Nd4 Qe7 15. Rc1 Bd7 16. Nxc6 Bxc6 17. Qd4 Bxa4 18. bxa4 $14 {Alekseev,E 
(2700)-Hracek,Z (2615) Rijeka 2010 (1/2-1/2, 55)}) 8. Qc2 ({Since in many
lines White can consider castling long, this is more logical than} 8. Qb1 Nc6
9. Bd3 {Bischoff,K (2505)-Beliavsky,A (2640) Munich 1990 CBM 018 [Ribli] (1/
2-1/2, 23)}) 8... Nc6 9. h4 $5 $146 {A very ambitious move, aiming at
weakening the enemy kingside with Ng5. But if for any reason White will have
to castle short, the early advance of the h-pawn will also count as a
weakening move.} ({Previously, White was successful with a reversed Hedgehog
approach:} 9. a3 Nxc3 10. Bxc3 Bd7 11. Be2 Rc8 12. O-O b6 13. Qb2 Bf6 14. b4
$14 {Lysyj,I (2691)-Zhou,W (2627) China 2015 (1-0, 40)}) 9... b6 ({Black
cannot really exploit the exposed position of the white queen. If} 9... Ndb4
10. Qb1 b6 11. a3 Nd5 {White can choose between transposing to the game with}
12. Qc2 {or playing some other constructive move.}) 10. a3 (10. Ng5 {is
premature due to} f5 {Karjakin decides to wait until Black develops his bishop,
which would leave the e6-pawn undefended.}) 10... f5 {Not an easy move to play,
but with Ng5 hanging in the air there were micro problems in all the
alternative lines.} (10... Bb7 11. Ng5 g6 {looks dangerous. Over the board one
would be afraid of} 12. Nxh7 (12. Nce4 $5 {may be simpler}) 12... Kxh7 13. Nxd5
exd5 14. h5 {but things are not entirely clear:} f5 15. hxg6+ Kxg6 16. Bd3 d4
17. Bxf5+ Kf7 (17... Rxf5 18. g4) 18. exd4 cxd4 (18... Nxd4 19. Rh7+ Ke8 20.
Bg6+ Kd7 21. Bxd4 cxd4 22. Kf1 $1 $18 {[%csl Re7][%cal Ga1e1,Rc2c8] leaves the
black king cut off along the c-file and the e7-bishop vulnerable.}) 19. Rh6 $5
{[%csl Gc6]} (19. Rh7+ Ke8 20. Bg6+ Kd7) 19... Ne5 20. f4 Rh8 $1 21. Rxh8 Qxh8
22. O-O-O Nc6 23. g4 $44) (10... h6 11. g4 $36 {[%csl Rh6][%cal Gg4g5]}) (10...
Nf6 11. g4 $1 $36 Nxg4 $2 12. Qe4 $18 {[%csl Rc6,Rg4]}) 11. Bb5 Bb7 12. Nxd5
exd5 (12... Qxd5 {leaves the e6-pawn vulnerable.}) 13. d4 Rc8 ({Black misses a
good chance for counterplay:} 13... c4 $5 14. bxc4 a6 15. Bxc6 Bxc6 16. c5 (16.
cxd5 Bxd5 {[%csl Rf3,Rh4][%cal Ga8c8,Gd5c4]}) 16... Rc8 {Black will soon
retrieve the c-pawn as} 17. cxb6 $2 Bb5 {leaves the king trapped.}) 14. dxc5
bxc5 15. O-O Bf6 16. Rfd1 {Black's position has two minor defects: the bad
placement of the knight and the weaknesses induced by ...f7-f5.} Ne7 {Not
really a good square for the knight.} ({But} 16... Bxb2 $5 17. Qxb2 Qb6 18. Be2
Nb8 {does not seem to solve all the problems:} 19. Rac1 Nd7 {[%cal Ga7a5]} 20.
b4 Nf6 (20... f4 21. e4 $1 {[%csl Gd7]}) 21. Qe5 {[%csl Gc5,Gf5]}) 17. Bxf6
Rxf6 18. g3 Ba6 {With hanging pawns, this is not a bad bishop. In fact, it
permanently keeps White under the threat of ...d5-d4, opening the long
diagonal.} ({True} 18... d4 $6 {is premature due to} 19. Qe2 {[%cal Ge3d4]
when Black will soon have a weak pawn on d4.}) (18... Qb6 $5 19. Qe2 a6 20. Bd3
Bc6 (20... a5 $5) 21. Rab1 (21. Bxa6 Ra8 22. Bd3 Qxb3) 21... Bb5 {This is a
much better way to offer the exchange. Taking on b5 would strengthen Black's
structure while otherwise White will have to permanently count with ...Bxd3
followed by ...c5-c4.} (21... Be8 $5 {[%cal Ge8h5]} 22. Ng5)) 19. Bxa6 Rxa6 20.
Qc3 $14 {Black starts facing problems with his over-extended position. With
the f5-pawn on its initial square and the knight on, say, f6, he would be
absolutely fine, but these "small" differences count.} Rb6 21. Rac1 Qd6 $6 {
Actually the queen belongs on b6.} (21... Rb7 22. Ne5 (22. b4 c4 $14) 22... Qb6
$14 {[%csl Gb3][%cal Gb7c7]}) 22. Ne5 Rb7 23. Nd3 {[%csl Gc5][%cal Gd3f4] A
perfect trajectory for the knight.} c4 24. bxc4 Rxc4 (24... dxc4 25. Ne5 Qf6
26. Qxc4+ $1 Rxc4 27. Rd8+ Qf8 28. Rxf8+ Kxf8 29. Rxc4 $16) 25. Qe5 Qxe5 26.
Nxe5 Rxc1 27. Rxc1 g6 28. Rc5 $16 {The endgame is very unpleasant for Black.
His structure is weak and his pieces have to stay passive in order to defend
the weaknesses.} Kg7 29. Ra5 {Forcing the black rook to keep the a7-pawn
defended.} Kf6 30. Nd3 Rc7 31. Ra6+ Kg7 32. Nf4 Rd7 33. Kf1 Ng8 34. Ne6+ Kf7
35. Nd4 Ne7 36. Nb5 Nc8 37. a4 Rb7 38. Rc6 Ne7 39. Ra6 Nc8 40. Rc6 Ne7 41. Rd6
Rb6 $2 {This loses at once.} ({But there was little joy after} 41... Kg7 42.
Ke2 Kf7 43. Kf3 Kg7 44. Kf4 Kf7 45. Kg5 Kg7 46. Nd4 h6+ 47. Kf4 Kh7 48. a5 Kg7
49. a6 $18) 42. Rd7 a6 43. Nc3 (43. Nc3 {[%cal Gc3d5]} Ke8 44. Rxe7+ Kxe7 45.
Nxd5+) 1-0